|
|
|
|
| LEADER |
01843nam a2200433 i 4500 |
| 001 |
EBC4722999 |
| 003 |
MiAaPQ |
| 005 |
20200917021826.0 |
| 006 |
m o d | |
| 007 |
cr cnu|||||||| |
| 008 |
161104t20162016ja a ob 000 0 eng d |
| 020 |
|
|
|z 9784431556206
|
| 020 |
|
|
|a 9784431556213 (e-book)
|
| 035 |
|
|
|a (MiAaPQ)EBC4722999
|
| 035 |
|
|
|a (Au-PeEL)EBL4722999
|
| 035 |
|
|
|a (CaPaEBR)ebr11286843
|
| 035 |
|
|
|a (CaONFJC)MIL965151
|
| 035 |
|
|
|a (OCoLC)962451627
|
| 040 |
|
|
|a MiAaPQ
|b eng
|e rda
|e pn
|c MiAaPQ
|d MiAaPQ
|
| 050 |
|
4 |
|a HF1713
|b .R445 2016
|
| 082 |
0 |
|
|a 382.9101
|2 23
|
| 245 |
0 |
0 |
|a Regional free trade areas and strategic trade policies /
|c Takao Ohkawa [and three others], editors.
|
| 264 |
|
1 |
|a [Tokyo], Japan :
|b Springer,
|c 2016.
|
| 264 |
|
4 |
|c 2016
|
| 300 |
|
|
|a 1 online resource (214 pages) :
|b illustrations.
|
| 336 |
|
|
|a text
|2 rdacontent
|
| 337 |
|
|
|a computer
|2 rdamedia
|
| 338 |
|
|
|a online resource
|2 rdacarrier
|
| 490 |
0 |
|
|a New Frontiers in Regional Science: Asian Perspectives,
|x 2199-5982 ;
|v Volume 10
|
| 504 |
|
|
|a Includes bibliographical references at the end of each chapters.
|
| 588 |
|
|
|a Description based on print version record.
|
| 590 |
|
|
|a Electronic reproduction. Ann Arbor, MI : ProQuest, 2016. Available via World Wide Web. Access may be limited to ProQuest affiliated libraries.
|
| 650 |
|
0 |
|a Customs unions.
|
| 650 |
|
0 |
|a Commercial policy.
|
| 655 |
|
4 |
|a Electronic books.
|
| 700 |
1 |
|
|a Ohkawa, Takao,
|e editor.
|
| 776 |
0 |
8 |
|i Print version:
|t Regional free trade areas and strategic trade policies.
|d [Tokyo], Japan : Springer, c2016
|h xv, 210 pages
|k New Frontiers in Regional Science: Asian Perspectives ; Volume 10
|z 9784431556206
|w 2016955701
|
| 797 |
2 |
|
|a ProQuest (Firm)
|
| 856 |
4 |
0 |
|u https://ebookcentral.proquest.com/lib/matrademy/detail.action?docID=4722999
|z Click to View
|